| 000 | 00587nam a2200193Ia 4500 | ||
|---|---|---|---|
| 003 | OSt | ||
| 005 | 20260518105911.0 | ||
| 008 | 210210b1980 xxu||||| |||| 00| 0 eng d | ||
| 040 | _cAL | ||
| 041 | _aKonkani | ||
| 082 | _a491.467 MINJ | ||
| 100 |
_aMINEZ (Vinnifred). _dಮಿನೆಜ್ (ವಿನ್ನಿಫ್ರೆಡ್) _9264032 |
||
| 245 |
_aJatfat englaz shikap. _bಜಟ್ಪಟ್ ಇಂಗ್ಲಿಷ್ ಶಿಕಾಪ್. |
||
| 260 |
_aMangalore _bJerosa company _c1980 |
||
| 300 | _a116 | ||
| 690 |
_aKonkani Language _9264033 |
||
| 906 | _a049834 | ||
| 942 |
_2ddc _cBK |
||
| 999 |
_c98644 _d98644 |
||